Řád cisterciáků v českých zemích ve středověku. - Praha

Titel: Řád cisterciáků v českých zemích ve středověku. - Praha : Unicornis. - 1994 [Rezension]
Verfasser:
In: Bohemia, Band 37 (1996), Seite 444-446
alle Artikel anzeigen
Veröffentlicht: 1996
Format: Aufsatz
Sprache: Deutsch
Kein Bild verfügbar
X
alg: 39502194
001A    $01999:12-11-16 
001B    $03025:11-02-26 $t16:14:53.000 
001D    $01999:12-11-16 
001U    $0utf8 
001X    $00 
002@    $0Aox 
003@    $0395021944 
006N    $000170143 
007A    $0395021944 $aHEB 
007D    $asw960078 
007I    $0swets028249026 
007T    $0Herd02497 
010@    $ager 
011@    $a1996 
021A    $aŘád cisterciáků v českých zemích ve středověku. - Praha $dUnicornis. -  1994 [Rezension] 
028A    $#Huber, Kurt Augustinus $#Huber, A. K. $#Huber, Augustin Kurt $#Huber, Augustinus Kurt $#Huber, Kurt Augustin $7110726936 $8Huber, Kurt A.$Z1912-2005 [Tp1] $9145315428 
031A    $d37 $h444-446 $j1996 
039B    $aIn $8--Abvc--. Bohemia. - München : Verlag des Collegium Carolinum, 1960-. - ISSN 0523-8587 $x199600000370000556 $9046829520 
039T    $8--Aau--. Řád cisterciáků v českých zemích ve středověku. - 1. vyd.. - Praha : Unicornis, 1994. - 143 S.. - zahlr. Ill., graph. Darst., Kt.. - ISBN 80-901587-1-4 $9046431497 
045F    $a900.94371 $eDDC23BSB 
045F/01 $a900 
045F/03 $g4371 
045T    $a7,41 $a3,5 $a8,1 
045T    $aAVL $qDE-30 $2FID 

lok: 39502194 78

exp: 39502194 78 1 #EPN
201B/01 $026-11-17 $t03:53:45.000 
201U/01 $0utf8 
203@/01 $0791320553 
208@/01 $a12-11-16 $be 
209A/01 $a/ $f000 $x00 
220C/01 $aTitelaufnehmer: rk 
244Z/01 $#Tschechien $#Tschechische Republik $#Tschechien $#Tschechische Republik $#Tschechenland $#Tschechei Tschechien $#Česká Republika $#Czech Republic $#ČR $74303381-7 $8--Tg1--Tschechien $x01 $9086659812 
244Z/01 $2Trx $#Böhmen $#Bohemia $#Czechy $8--Trx--Čechy $x02 $9391188941 
244Z/01 $2Trx $#arvustused $#recenzijos $#Reviews $#recenziók $#recenzje $#recenzie $#recenze $8--Trx--Rezensionen $x03 $9391357441 
247C/01 $82080>Marburg/Lahn, Herder-Institut, Forschungsbibliothek, Bibliographieportal $9336309341
LEADER 00000caa a22000002c 4500
001 395021944
003 DE-603
005 20260211161453.0
007 tu
008 161112s1996 xx |||| | u00||u|ger c
035 |a (DE-599)HEB395021944 
035 |a (NL-LiSWE)00170143 
040 |a DE-603  |b ger  |c DE-603  |d DE-603 
041 |a ger 
082 0 4 |8 1\u  |a 900.94371  |q DE-101  |2 23/BSB 
084 |a 7,41  |a 3,5  |a 8,1  |2 ssgn 
084 |a AVL  |q DE-30  |2 fid 
085 |8 1\u  |b 900 
085 |8 1\u  |z 2  |s 4371 
100 1 |a Huber, Kurt A.  |d 1912-2005  |0 (DE-603)145315428  |0 (DE-588)110726936  |2 gnd 
245 0 0 |a Řád cisterciáků v českých zemích ve středověku. - Praha  |b Unicornis. - 1994 [Rezension] 
264 0 |c 1996 
773 0 8 |i In  |t Bohemia  |d München : Verlag des Collegium Carolinum, 1960-  |h 24 cm  |x 0523-8587  |g Band 37 (1996), Seite 444-446  |w (DE-603)046829520  |w (DE-600)1166-6 
787 0 8 |i Rezension von  |t Řád cisterciáků v českých zemích ve středověku  |b 1. vyd.  |d Praha : Unicornis, 1994  |h 143 S., zahlr. Ill., graph. Darst., Kt.  |z 8090158714  |w (DE-603)046431497 
924 0 |9 2080  |a (DE-603)791320553  |b DE-2080  |c HES  |d d  |g /